[Event "Pristina Nderkombetar op"]
[Site "Pristina"]
[Date "2022.06.18"]
[Round "3"]
[White "Saraci, Osman"]
[Black "Aliu, Besnik"]
[Result "1-0"]
[WhiteElo "2113"]
[BlackElo "1930"]
[PlyCount "45"]
[EventDate "2022.06.17"]
[EventType "swiss"]
[EventRounds "9"]
[EventCountry "KOS"]
[SourceTitle "CBM 209 Extra"]
[Source "ChessBase"]
[SourceDate "2022.09.30"]
[SourceVersion "1"]
[SourceVersionDate "2022.09.30"]
[SourceQuality "1"]

1. e4 Nf6 2. Nc3 e6 3. g3 d5 4. Bg2 Bb4 5. Nge2 d4 6. Nb5 e5 7. c3 dxc3 8. bxc3 Bd6 9. 0-0 0-0 10. d4 Re8 11. f4 exf4 12. e5 fxg3 13. Nxg3 Ng4 14. exd6 Qh4 15. h3 Qxg3 16. Bf4 Qh4 17. Nxc7 g5 18. Nxe8 gxf4 19. Rxf4 h5 20. hxg4 Bxg4 21. Qe1 Qg5 22. Qe5 f5 23. Qe7 1-0

[Event "Pristina op"]
[Site "Pristina"]
[Date "2019.07.01"]
[Round "6"]
[White "Saraci, Osman"]
[Black "Uruci, Endrit"]
[Result "0-1"]
[WhiteElo "2088"]
[BlackElo "2236"]
[PlyCount "104"]
[EventDate "2019.06.28"]
[EventType "swiss"]
[EventRounds "9"]
[EventCountry "KOS"]
[SourceTitle "CBM 191 Extra"]
[Source "ChessBase"]
[SourceDate "2019.09.30"]
[SourceVersion "1"]
[SourceVersionDate "2019.09.30"]
[SourceQuality "1"]

1. e4 c5 2. Bc4 e6 3. Nc3 a6 4. a4 Nc6 5. f4 Nf6 6. Nf3 d5 7. exd5 exd5 8. Be2 d4 9. Na2 Bd6 10. d3 0-0 11. 0-0 Re8 12. Nd2 Qe7 13. Nc4 Bc7 14. Bf3 Bd7 15. Bd2 Qe6 16. a5 Ng4 17. Bxg4 Qxg4 18. Qxg4 Bxg4 19. Rae1 Be6 20. b3 Bxc4 21. bxc4 Bxa5 22. Bxa5 Nxa5 23. Rb1 Re2 24. Rf2 Rae8 25. Nc1 Re1+ 26. Rf1 Kf8 27. Kf2 R1e3 28. Rb6 R8e6 29. Rxe6 fxe6 30. Ne2 Nc6 31. Ng3 Nb4 32. Rd1 e5 33. Nf5 exf4 34. Nxe3 fxe3+ 35. Ke2 Nxc2 36. Rf1+ Ke7 37. Rf5 b6 38. Re5+ Kd7 39. Rg5 g6 40. h4 Ke6 41. h5 Kf6 42. Rd5 Ke6 43. hxg6 hxg6 44. Rd8 b5 45. Rd5 bxc4 46. dxc4 a5 47. Rxc5 a4 48. Kd3 Nb4+ 49. Kxd4 Kd6 50. Rg5 e2 51. Rxg6+ Kd7 52. Rg7+ Ke8 0-1

[Event "Pristina op"]
[Site "Pristina"]
[Date "2019.06.29"]
[Round "3"]
[White "Dinev, Dejan"]
[Black "Saraci, Osman"]
[Result "1/2-1/2"]
[WhiteElo "2239"]
[BlackElo "2088"]
[PlyCount "96"]
[EventDate "2019.06.28"]
[EventType "swiss"]
[EventRounds "9"]
[EventCountry "KOS"]
[SourceTitle "CBM 191 Extra"]
[Source "ChessBase"]
[SourceDate "2019.09.30"]
[SourceVersion "1"]
[SourceVersionDate "2019.09.30"]
[SourceQuality "1"]

1. e4 e5 2. Nf3 Nc6 3. Bc4 Be7 4. d4 d6 5. h3 Nf6 6. Nc3 0-0 7. Bb3 exd4 8. Nxd4 Na5 9. Qd3 a6 10. 0-0 Nd7 11. Nf5 Nxb3 12. axb3 Ne5 13. Nxe7+ Qxe7 14. Qg3 f5 15. f4 Nc6 16. Re1 Qf7 17. Be3 fxe4 18. Nxe4 Bf5 19. Bf2 Rae8 20. Ng5 Qf6 21. c3 h6 22. Nf3 Be4 23. Nd2 Bc2 24. Be3 Ne7 25. Qf3 Nc6 26. b4 Qf5 27. Qf2 Re7 28. Nf3 Rfe8 29. Bd2 Rxe1+ 30. Rxe1 Rxe1+ 31. Qxe1 Qe4 32. Qxe4 Bxe4 33. Nh2 Kf7 34. Ng4 Ke6 35. Kf2 d5 36. Ne3 h5 37. Kg3 d4 38. cxd4 Nxd4 39. Kf2 Nf5 40. g4 Nxe3 41. Kxe3 Bg2 42. f5+ Kf7 43. gxh5 Bxh3 44. Kf4 Bf1 45. Kg5 Bd3 46. Bf4 Be4 47. Bxc7 Bd3 48. Be5 Bc2 1/2-1/2

[Event "KOS Cup"]
[Site "Pristina"]
[Date "2018.03.03"]
[Round "3.4"]
[White "Ajvazi, Laberion"]
[Black "Saraci, Osman"]
[Result "1-0"]
[WhiteElo "2035"]
[BlackElo "2075"]
[PlyCount "120"]
[EventDate "2018.02.24"]
[EventType "k.o."]
[EventRounds "5"]
[EventCountry "KOS"]
[SourceTitle "EXT 2019"]
[Source "ChessBase"]
[SourceDate "2018.10.10"]
[SourceVersion "1"]
[SourceVersionDate "2018.10.10"]
[SourceQuality "1"]

1. d4 Nf6 2. c4 e6 3. Nf3 Bb4+ 4. Bd2 Bxd2+ 5. Nbxd2 d5 6. e3 Nbd7 7. Bd3 0-0 8. 0-0 c6 9. Qc2 Re8 10. Rfe1 e5 11. dxe5 Nxe5 12. Nxe5 Rxe5 13. Nf3 Rh5 14. h3 Be6 15. Red1 Qc8 16. Kf1 Qc7 17. Rac1 Re8 18. Kg1 Qc8 19. Kf1 dxc4 20. Bxc4 Bxh3 21. gxh3 Qxh3+ 22. Ke2 Rf5 23. Ng1 Qg4+ 24. f3 Qg5 25. e4 b5 26. Bd3 Re6 27. Qd2 Qh5 28. Kf1 Rg5 29. Qe3 Qh4 30. Be2 h6 31. Qxa7 Qh1 32. Qf2 g6 33. Rc5 Rh5 34. Rd8+ Kg7 35. Rxh5 Qxh5 36. Qa7 Qg5 37. Qa3 Qc1+ 38. Kf2 Nh5 39. Qc3+ Qxc3 40. bxc3 Nf4 41. Bf1 Re5 42. Rd6 Rc5 43. c4 bxc4 44. Rd2 c3 45. Rc2 Ra5 46. Bc4 Ne6 47. Bxe6 fxe6 48. Ne2 Kf6 49. Ke3 g5 50. Nxc3 h5 51. a4 g4 52. fxg4 hxg4 53. Kf4 Rg5 54. Rg2 g3 55. Kf3 Ke5 56. Rd2 Rg7 57. Kg2 c5 58. Rd3 Kf4 59. Rf3+ Ke5 60. Rxg3 Rb7 1-0

[Event "KOS Cup"]
[Site "Pristina"]
[Date "2018.02.25"]
[Round "2.2"]
[White "Saraci, Osman"]
[Black "Deda, Dede"]
[Result "1-0"]
[WhiteElo "2075"]
[BlackElo "1766"]
[PlyCount "120"]
[EventDate "2018.02.24"]
[EventType "k.o."]
[EventRounds "5"]
[EventCountry "KOS"]
[SourceTitle "EXT 2019"]
[Source "ChessBase"]
[SourceDate "2018.10.10"]
[SourceVersion "1"]
[SourceVersionDate "2018.10.10"]
[SourceQuality "1"]

1. e4 c6 2. d4 d5 3. Nc3 dxe4 4. Nxe4 Bf5 5. Ng3 Bg6 6. Nf3 e6 7. Bc4 Bd6 8. 0-0 Ne7 9. Qe2 Qc7 10. Ne5 0-0 11. Re1 Nd7 12. Bf4 Rfe8 13. Nxg6 Nxg6 14. Bxd6 Qxd6 15. Ne4 Qe7 16. Rad1 Nb6 17. Bb3 Nd5 18. g3 Rad8 19. c4 Nf6 20. Ng5 h6 21. Nf3 Nh7 22. h4 Qf6 23. Kg2 Ne7 24. Rd2 Rd6 25. Red1 Nf5 26. d5 c5 27. Bc2 Re7 28. Qe4 Nf8 29. dxe6 Rxd2 30. Rxd2 fxe6 31. Kh3 g5 32. h5 Qxb2 33. g4 Nh4 34. Nxh4 gxh4 35. Kxh4 Qf6+ 36. Kg3 Qc3+ 37. Qd3 Qe5+ 38. Kg2 Rg7 39. f3 Qxh5 40. Qe3 Qg5 41. Qxg5 hxg5 42. Be4 b6 43. Kg3 Kf7 44. f4 gxf4+ 45. Kxf4 Kf6 46. Rd8 e5+ 47. Kg3 Ne6 48. Rc8 Nf4 49. Bf5 Re7 50. Rg8 Ne6 51. Kh4 Nd4 52. Be4 Kf7 53. Rh8 Ke6 54. Rh6+ Kd7 55. g5 Kc7 56. g6 Ne6 57. Rh7 Kd6 58. Kh5 a6 59. a4 b5 60. axb5 Re8 1-0

[Event "KOS Cup"]
[Site "Pristina"]
[Date "2018.02.24"]
[Round "1.4"]
[White "Hyseni, Nuridin"]
[Black "Saraci, Osman"]
[Result "0-1"]
[WhiteElo "1787"]
[BlackElo "2075"]
[PlyCount "96"]
[EventDate "2018.02.24"]
[EventType "k.o."]
[EventRounds "5"]
[EventCountry "KOS"]
[SourceTitle "EXT 2019"]
[Source "ChessBase"]
[SourceDate "2018.10.10"]
[SourceVersion "1"]
[SourceVersionDate "2018.10.10"]
[SourceQuality "1"]

1. d4 Nf6 2. c4 e6 3. Nc3 d5 4. cxd5 Nxd5 5. e4 Nxc3 6. bxc3 c5 7. Bb5+ Bd7 8. Bxd7+ Qxd7 9. Ne2 cxd4 10. cxd4 Bb4+ 11. Bd2 Bxd2+ 12. Qxd2 0-0 13. 0-0 Rd8 14. Rfd1 Nc6 15. Rab1 Rac8 16. Qb2 b6 17. g3 Na5 18. d5 exd5 19. Rxd5 Qe6 20. Rbd1 Rxd5 21. exd5 Qe4 22. Nc3 Qf3 23. Rc1 h5 24. h4 Nc4 25. Qe2 Qxe2 26. Nxe2 Nd6 27. Rxc8+ Nxc8 28. Nf4 g6 29. Kg2 Nd6 30. Kf3 Kf8 31. Ke3 Ke7 32. Kd4 Nf5+ 33. Kc4 a6 34. a4 Kd6 35. Ne2 Ke5 36. Nc3 Nd6+ 37. Kd3 Nb7 38. f4+ Kd6 39. Kd4 Nc5 40. Kc4 Nxa4 41. Ne4+ Kd7 42. Ng5 b5+ 43. Kd4 b4 44. Nxf7 b3 45. Ne5+ Kd6 46. Nc4+ Ke7 47. Ne3 b2 48. Nc2 b1Q 0-1

[Event "KOS-ch"]
[Site "Pristina"]
[Date "2017.09.24"]
[Round "5"]
[White "Saraci, Osman"]
[Black "Uruci, Endrit"]
[Result "1-0"]
[WhiteElo "2078"]
[BlackElo "2111"]
[PlyCount "83"]
[EventDate "2017.09.16"]
[EventType "tourn"]
[EventRounds "11"]
[EventCountry "KOS"]
[SourceTitle "EXT 2019"]
[Source "ChessBase"]
[SourceDate "2018.10.10"]
[SourceVersion "1"]
[SourceVersionDate "2018.10.10"]
[SourceQuality "1"]

1. e4 c5 2. Nf3 Nc6 3. d4 cxd4 4. Nxd4 e5 5. Nb5 a6 6. Nd6+ Bxd6 7. Qxd6 Qe7 8. Qd2 Nf6 9. Nc3 d6 10. Bc4 Be6 11. Bxe6 fxe6 12. 0-0 0-0 13. f3 b5 14. Qd3 h6 15. Be3 Na5 16. Rad1 Nc4 17. Bc1 Rfd8 18. Rde1 d5 19. exd5 exd5 20. Qf5 Re8 21. f4 Qc5+ 22. Kh1 e4 23. g4 Qc8 24. Qxc8 Raxc8 25. g5 d4 26. b3 dxc3 27. bxc4 Nd7 28. cxb5 axb5 29. gxh6 gxh6 30. f5 Rc6 31. Rf4 Rd6 32. Rg4+ Kh8 33. Reg1 b4 34. a3 e3 35. Bxe3 bxa3 36. Bd4+ Rxd4 37. Rxd4 Nc5 38. Ra1 Kg7 39. Rd5 Ne4 40. Rxa3 Re7 41. Ra6 Kh7 42. Re6 1-0

[Event "KOS-ch"]
[Site "Pristina"]
[Date "2017.09.22"]
[Round "3"]
[White "Saraci, Osman"]
[Black "Mehaj, Driton"]
[Result "1-0"]
[WhiteElo "2078"]
[BlackElo "2146"]
[PlyCount "101"]
[EventDate "2017.09.16"]
[EventType "tourn"]
[EventRounds "11"]
[EventCountry "KOS"]
[SourceTitle "EXT 2019"]
[Source "ChessBase"]
[SourceDate "2018.10.10"]
[SourceVersion "1"]
[SourceVersionDate "2018.10.10"]
[SourceQuality "1"]

1. e4 e5 2. Nf3 Nc6 3. d4 exd4 4. Nxd4 Nf6 5. Nxc6 bxc6 6. e5 Nd5 7. c4 Bb4+ 8. Bd2 Bxd2+ 9. Qxd2 Nb6 10. Nc3 Qe7 11. 0-0-0 Bb7 12. Bd3 0-0-0 13. f4 Kb8 14. Rhe1 h6 15. Ne4 Qf8 16. Qa5 f6 17. exf6 gxf6 18. Nc5 Bc8 19. Re3 Re8 20. Rf3 Rg8 21. Bf1 Rg7 22. g3 Rge7 23. Ra3 a6 24. Qb4 Re4 25. Rxa6 Qe7 26. Ra3 Re3 27. Rad3 Rxd3 28. Bxd3 d6 29. Na4 Qe3+ 30. Kc2 c5 31. Qb3 Kb7 32. Rd2 Bg4 33. Nc3 Bf3 34. a4 Ra8 35. Qa3 Bc6 36. a5 h5 37. b4 h4 38. Qb3 hxg3 39. hxg3 Qxg3 40. axb6 cxb6 41. b5 Bf3 42. Qb1 Re8 43. Qa1 Ra8 44. Qf1 Kc7 45. Rf2 Bb7 46. Re2 Rh8 47. Be4 Rh3 48. Qe1 Bxe4+ 49. Rxe4 Qd3+ 50. Kb3 Rh7 51. Qa1 1-0

[Event "KOS-ch final"]
[Site "Pristina"]
[Date "2015.10.04"]
[Round "6"]
[White "Saraci, Osman"]
[Black "Makolli, Perparim"]
[Result "0-1"]
[WhiteElo "2126"]
[BlackElo "2204"]
[PlyCount "44"]
[EventDate "2015.09.25"]
[EventType "tourn"]
[EventRounds "9"]
[EventCountry "KOS"]
[SourceTitle "EXT 2018"]
[Source "ChessBase"]
[SourceDate "2017.10.13"]
[SourceVersion "1"]
[SourceVersionDate "2017.10.13"]
[SourceQuality "1"]

1. e4 c5 2. c4 Nc6 3. b3 d6 4. Bb2 e5 5. Be2 f5 6. Bh5+ g6 7. Bf3 Nf6 8. Nc3 Bg7 9. exf5 Bxf5 10. d3 0-0 11. g4 Be6 12. g5 Nh5 13. Bxh5 gxh5 14. Qxh5 Nb4 15. 0-0-0 Bf5 16. Nd5 Nxd3+ 17. Rxd3 Bxd3 18. f3 Qd7 19. Kd2 Bg6 20. Qh4 Kh8 21. h3 Qf5 22. Ne7 Qd3+ 0-1

[Event "KOS-ch final"]
[Site "Pristina"]
[Date "2015.10.02"]
[Round "4"]
[White "Saraci, Osman"]
[Black "Sadiku, Bedri"]
[Result "1/2-1/2"]
[WhiteElo "2126"]
[BlackElo "2224"]
[PlyCount "74"]
[EventDate "2015.09.25"]
[EventType "tourn"]
[EventRounds "9"]
[EventCountry "KOS"]
[SourceTitle "EXT 2018"]
[Source "ChessBase"]
[SourceDate "2017.10.13"]
[SourceVersion "1"]
[SourceVersionDate "2017.10.13"]
[SourceQuality "1"]

1. e4 c5 2. Nf3 a6 3. d4 cxd4 4. Nxd4 e6 5. Bd3 Qc7 6. 0-0 Nf6 7. Be3 d5 8. Nd2 e5 9. N4b3 Be6 10. h3 Nbd7 11. Qe2 Bd6 12. Rac1 h6 13. exd5 Nxd5 14. c4 Nxe3 15. Qxe3 0-0 16. c5 Be7 17. c6 bxc6 18. Qe4 Nf6 19. Qxc6 Qa7 20. Bb1 Rab8 21. Qc7 Qxc7 22. Rxc7 Bb4 23. Ne4 Nxe4 24. Bxe4 a5 25. Ra7 f5 26. Bc6 Rbc8 27. Ba4 Ra8 28. Rxa8 Rxa8 29. Rc1 e4 30. Nd4 Rc8 31. Rd1 Bxa2 32. Nxf5 Be6 33. Nd6 Bxd6 34. Rxd6 Kf7 35. Ra6 Rc5 36. Kh2 g5 37. Kg3 Re5 1/2-1/2

[Event "Skopje Karposh op"]
[Site "Skopje"]
[Date "2015.03.28"]
[Round "2"]
[White "Saraci, Osman"]
[Black "Mazi, Leon"]
[Result "0-1"]
[WhiteElo "2152"]
[BlackElo "2382"]
[PlyCount "96"]
[EventDate "2015.03.27"]
[EventType "swiss"]
[EventRounds "9"]
[EventCountry "MKD"]
[SourceTitle "CBM 165 Extra"]
[Source "ChessBase"]
[SourceDate "2015.04.21"]
[SourceVersion "1"]
[SourceVersionDate "2015.04.21"]
[SourceQuality "1"]

1. e4 c5 2. Nf3 Nc6 3. d4 cxd4 4. Nxd4 Qb6 5. Nb3 Nf6 6. Nc3 e6 7. Bd3 a6 8. Bf4 d6 9. 0-0 Be7 10. Be3 Qc7 11. Na4 Nd7 12. Nc3 b5 13. f4 Bb7 14. f5 Nf6 15. a3 Ne5 16. fxe6 fxe6 17. Nd4 Qd7 18. Nf3 Nxd3 19. Qxd3 0-0 20. Rad1 Rad8 21. Bb6 Rc8 22. Bd4 Rcd8 23. Bb6 Rde8 24. Bd4 Qc8 25. Ng5 e5 26. Bf2 Qg4 27. Be3 h6 28. h3 Qd7 29. Nf3 Qe6 30. Rd2 Rc8 31. Rdf2 Rxc3 32. bxc3 Nxe4 33. Nh2 Nxf2 34. Rxf2 Rxf2 35. Bxf2 Qd5 36. Qg6 Qd1+ 37. Nf1 Bd5 38. Qd3 Qxd3 39. cxd3 Bb3 40. Be3 Bc2 41. d4 exd4 42. cxd4 Kf7 43. Bd2 d5 44. Bb4 Bg5 45. Ba5 Ke6 46. Kf2 Be7 47. Ne3 Be4 48. Nd1 Bxa3 0-1